Biology of heat shock proteins and molecular chaperones (Record no. 40830)

MARC details
000 -LEADER
fixed length control field 00463nam a2200157Ia 4500
082 ## - DEWEY DECIMAL CLASSIFICATION NUMBER
Classification number 577.122
Item number MOR
245 #0 - TITLE STATEMENT
Title Biology of heat shock proteins and molecular chaperones
260 ## - PUBLICATION, DISTRIBUTION, ETC. (IMPRINT)
Place of publication New York
Name of publisher Cold spring harbor laboratory press
Year of publication 1994
490 ## - SERIES STATEMENT
Series statement Monograph 26
650 ## - SUBJECT ADDED ENTRY--TOPICAL TERM
Topical Term Signal transduction
650 ## - SUBJECT ADDED ENTRY--TOPICAL TERM
Topical Term Stress physiology
650 ## - SUBJECT ADDED ENTRY--TOPICAL TERM
Topical Term Stress proteins
700 ## - ADDED ENTRY--PERSONAL NAME
Personal name Morimoto, Richard I
942 ## - ADDED ENTRY ELEMENTS (KOHA)
Koha item type Books
Holdings
Withdrawn status Lost status Damaged status Not for loan Home library Current library Date acquired Cost, normal purchase price Full call number Accession Number Koha item type
        RRII Library RRII Library 16/12/2021 97.00 577.122 MOR 21124 Books